Unexpected Winners in Soccer - Statistics

General Stats
  • This quiz has been taken 46 times
  • The average score is 9 of 15
Answer Stats
Hint Answer % Correct
Euros 2004 Greece
96%
Premier League 2016 Leicester City
89%
Euros 1992 Denmark
87%
World Cup 1950 Uruguay
87%
Champions League 2012 Chelsea
76%
Bundesliga 2024 Leverkusen
76%
Champions League 2003 Porto
76%
La Liga 2014 Atletico Madrid
73%
Bundesliga 2009 Wolfsburg
69%
Ligue 1 2012 Montpellier
51%
Eredivisie 2010 Twente
51%
Bundesliga 1998 Kaiserslautern
36%
English 1st Division 1978 Nottingham Forest
24%
Primeira Liga 2001 Boavista
18%
Serie A 1985 Verona
13%
No matching quizzes found
Score Distribution
Percent of People with Each Score
Percentile by Number Answered
Your Score History
You have not taken this quiz